|
|
|
|
| LEADER |
01055nam a2200253 a 4500 |
| 001 |
2084439 |
| 008 |
100107s1994 ii a b 000 0 eng d |
| 010 |
|
|
|a 94905429
|
| 020 |
|
|
|a 8170246695
|
| 040 |
|
|
|a DLC
|c DLC
|d DLC
|
| 082 |
0 |
0 |
|a 362.83/098172/4
|2 20
|
| 245 |
0 |
0 |
|a Women and globalisation :
|b reflections, options, and stragegies /
|c edited by Pam Rajput & Hem Lata Swarup.
|
| 260 |
|
|
|a New Delhi, India :
|b Ashish Pub. House,
|c 1994.
|
| 300 |
|
|
|a xxxiv, 393 p. :
|b ill. ;
|c 23 cm.
|
| 504 |
|
|
|a Includes bibliographical referernces.
|
| 541 |
1 |
|
|e 00008102
|
| 650 |
|
0 |
|a Women
|x Government policy
|z Developing countries.
|
| 650 |
|
0 |
|a Women
|x Employment
|z Developing countries.
|
| 650 |
|
0 |
|a Women
|z Developing countries
|x Social conditions.
|
| 700 |
1 |
|
|a Rajput, Pam,
|d 1942-
|
| 700 |
1 |
|
|a Swarup, Hem Lata,
|d 1929-
|
| 852 |
4 |
|
|a Ayesha Abed Library
|j General shelf
|
| 999 |
|
|
|c 6817
|d 6817
|
| 952 |
|
|
|0 0
|1 0
|2 ddc
|4 0
|6 362_830981724000000_WOM_1994
|7 0
|9 7017
|a BRACUL
|b BRACUL
|c GEN
|d 2010-01-10
|l 1
|m 5
|o 362.830981724 WOM
|p 3010008102
|r 2019-03-05
|s 2019-01-30
|t 1
|w 2010-01-10
|y BK
|